[Event "RA Fall op U2000"]
[Site "Ottawa CAN"]
[Date "2010.09.24"]
[Round "1"]
[White "Ritchie, Gordon"]
[Black "Murray, Adam"]
[Result "1/2-1/2"]
[WhiteElo "1796"]
[BlackElo "1939"]
[PlyCount "84"]
[EventDate "2010.09.24"]
[EventType "swiss"]
[EventRounds "5"]
[EventCountry "CAN"]
[WhiteTeam "Norwegen"]
[BlackTeam "Kanada"]
[WhiteTeamCountry "NOR"]
[BlackTeamCountry "CAN"]

1. e4 c5 2. Nc3 Nc6 3. Bb5 g6 4. f4 Bg7 5. Bxc6 dxc6 6. Nf3 Nf6 7. d3 Nd7 8.
O-O Nf8 9. Be3 Ne6 10. f5 gxf5 11. exf5 Nd4 12. Nh4 e6 13. Qg4 Bf6 14. Ne4 Bxh4
15. f6 Nf5 16. Rxf5 exf5 17. Qg7 fxe4 18. Qxh8+ Kd7 19. Qxh7 Bxf6 20. dxe4 Kc7
21. Qxf7+ Qe7 22. Bf4+ Kd8 23. Qg8+ Qe8 24. Qh7 Bd7 25. c3 Qh8 26. Qf7 Qg7 27.
Qc4 b6 28. Rd1 Qg4 29. Qd3 Ke8 30. e5 Be7 31. h3 Qf5 32. Qe3 Be6 33. g4 Qc2 34.
Qf3 Bd5 35. Rxd5 cxd5 36. Qxd5 Rd8 37. Qg8+ Kd7 38. Qd5+ Kc7 39. e6+ Bd6 40. e7
Qb1+ 41. Kg2 Qxb2+ 42. Kg1 Qb1+ 1/2-1/2

[Event "RA Fall op U2000"]
[Site "Ottawa CAN"]
[Date "2010.09.25"]
[Round "2"]
[White "Bellissimo, Joseph"]
[Black "Ritchie, Gordon"]
[Result "1-0"]
[WhiteElo "1876"]
[BlackElo "1796"]
[PlyCount "49"]
[EventDate "2010.09.24"]
[EventType "swiss"]
[EventRounds "5"]
[EventCountry "CAN"]
[WhiteTeamCountry "NOR"]
[BlackTeamCountry "CAN"]

1. e4 d5 2. exd5 Qxd5 3. Nf3 Nf6 4. d4 e6 5. c4 Qd8 6. Nc3 Bb4 7. a3 Bxc3+ 8.
bxc3 O-O 9. Bd3 b6 10. Bg5 Bb7 11. O-O Nbd7 12. Ne5 Qc8 13. Nxd7 Nxd7 14. Qg4
Re8 15. Rfe1 Nf8 16. Re3 c5 17. Rae1 Qc6 18. Be4 Qd7 19. d5 e5 20. Bf5 Qd6 21.
f4 f6 22. Bh6 Re7 23. fxe5 fxe5 24. Rxe5 Qxh6 25. Rxe7 1-0

[Event "RA Fall op U2000"]
[Site "Ottawa CAN"]
[Date "2010.09.25"]
[Round "3"]
[White "Thibault, Mario"]
[Black "Laurin, Marcel"]
[Result "0-1"]
[WhiteElo "1851"]
[BlackElo "1841"]
[PlyCount "80"]
[EventDate "2010.09.24"]
[EventType "swiss"]
[EventRounds "5"]
[EventCountry "CAN"]
[WhiteTeamCountry "NOR"]
[BlackTeamCountry "CAN"]

1. Nf3 b6 2. g3 Bb7 3. Bg2 g6 4. O-O Bg7 5. c4 d6 6. Nc3 Nd7 7. d3 e6 8. Rb1
Ne7 9. Bd2 h6 10. b4 g5 11. c5 dxc5 12. bxc5 Nxc5 13. d4 Bxd4 14. Nxd4 Bxg2 15.
Nxe6 Nxe6 16. Kxg2 O-O 17. Qc1 c5 18. Rd1 Qc7 19. Kg1 Qc6 20. Nb5 a6 21. Nc3
Nd4 22. Be3 Nef5 23. Bxd4 Nxd4 24. Qb2 b5 25. Rd2 Rfe8 26. Rbd1 b4 27. Nb1 Rxe2
28. Rxe2 Nf3+ 29. Kh1 Ne1+ 30. f3 Nxf3 31. Rg2 Re8 32. Qf2 g4 33. Nd2 c4 34.
Nxf3 gxf3 35. Rgg1 Re2 36. Qf1 Qe4 37. Rd8+ Kg7 38. Qb1 f2+ 39. Qxe4 fxg1=Q+
40. Kxg1 Rxe4 0-1

[Event "RA Fall op U2200"]
[Site "Ottawa CAN"]
[Date "2010.09.24"]
[Round "1"]
[White "Gagnon, Serge"]
[Black "Upper, John"]
[Result "0-1"]
[WhiteElo "2090"]
[BlackElo "2197"]
[PlyCount "98"]
[EventDate "2010.09.24"]
[EventType "swiss"]
[EventRounds "5"]
[EventCountry "CAN"]
[WhiteTeamCountry "NOR"]
[BlackTeamCountry "CAN"]

1. d4 d5 2. c4 c6 3. Nf3 Nf6 4. Nc3 dxc4 5. a4 Bf5 6. e3 e6 7. Bxc4 Bb4 8. O-O
Nbd7 9. Qe2 Bg6 10. Rd1 Qa5 11. Bd2 Ne4 12. Nxe4 Bxe4 13. Bd3 Bxd3 14. Qxd3
Bxd2 15. Nxd2 O-O 16. Qc3 Qh5 17. Ne4 Rfd8 18. Rac1 Qd5 19. f3 f5 20. Nc5 Nxc5
21. Qxc5 Qb3 22. Qe5 Re8 23. a5 a6 24. Rd2 Rad8 25. Rc3 Qa4 26. Qc7 Qb4 27. Qb6
Qxb6 28. axb6 Rd5 29. Rc5 Red8 30. Rdc2 e5 31. dxe5 Rxc5 32. Rxc5 Rd1+ 33. Kf2
Rd2+ 34. Kg3 Rxb2 35. Kf4 g6 36. Rc4 Kf7 37. Rd4 Ke7 38. g4 fxg4 39. Kxg4 Rxh2
40. f4 Rg2+ 41. Kf3 Rb2 42. e4 Rb3+ 43. Kg4 h5+ 44. Kg5 Rg3+ 45. Kh6 h4 46. Rd6
h3 47. f5 gxf5 48. exf5 h2 49. f6+ Ke8 0-1

[Event "RA Fall op U2200"]
[Site "Ottawa CAN"]
[Date "2010.09.25"]
[Round "2"]
[White "Upper, John"]
[Black "Ferreira, Alex"]
[Result "1-0"]
[WhiteElo "2197"]
[BlackElo "2114"]
[PlyCount "125"]
[EventDate "2010.09.24"]
[EventType "swiss"]
[EventRounds "5"]
[EventCountry "CAN"]
[WhiteTeamCountry "NOR"]
[BlackTeamCountry "CAN"]

1. d4 d5 2. c4 e5 3. dxe5 d4 4. Nf3 Nc6 5. a3 Nge7 6. b4 Ng6 7. Bb2 Ncxe5 8.
Nxe5 Nxe5 9. e3 Bg4 10. Qxd4 Qxd4 11. Bxd4 Nc6 12. Bb2 O-O-O 13. Be2 Be6 14.
Nd2 Be7 15. O-O-O a5 16. b5 Nb8 17. Nb3 a4 18. Nd4 Bd7 19. Rd2 h5 20. Bd1 c5
21. bxc6 Nxc6 22. Bxa4 Na5 23. Bb5 Bc5 24. Kb1 Rh6 25. Bc3 Nc6 26. Ka2 Rg6 27.
f3 Re8 28. Bxc6 Bxc6 29. e4 Rd8 30. Rhd1 Ba4 31. Nc2 Re8 32. Bb4 Rc6 33. Rc1
Bb6 34. Nd4 Rg6 35. Nf5 Kb8 36. Rb1 Ka7 37. c5 Bc7 38. Nd6 Rd8 39. Rbb2 Rd7 40.
h3 Ka6 41. Rd5 Rh6 42. Rd4 Bc6 43. Rbd2 Rh8 44. Kb3 g6 45. a4 h4 46. Nb5 Re7
47. Nxc7+ Rxc7 48. Rd8 Rc8 49. Rxh8 Rxh8 50. Bc3 Rh5 51. Kb4 f5 52. e5 g5 53.
Rd8 b6 54. Rd6 Kb7 55. cxb6 Kxb6 56. a5+ Kc7 57. Bd4 g4 58. Kc5 Ba8 59. Rg6
gxh3 60. Rg7+ Kd8 61. gxh3 Bxf3 62. Kd6 Ke8 63. e6 1-0

[Event "RA Fall op U2200"]
[Site "Ottawa CAN"]
[Date "2010.09.25"]
[Round "3"]
[White "Pace, Christopher"]
[Black "Upper, John"]
[Result "1-0"]
[WhiteElo "2150"]
[BlackElo "2197"]
[PlyCount "81"]
[EventDate "2010.09.24"]
[EventType "swiss"]
[EventRounds "5"]
[EventCountry "CAN"]
[WhiteTeamCountry "NOR"]
[BlackTeamCountry "CAN"]

1. d4 d5 2. c4 c6 3. Nc3 Nf6 4. Nf3 dxc4 5. a4 Bf5 6. e3 e6 7. Bxc4 Bb4 8. O-O
Nbd7 9. Qe2 Bg6 10. Rd1 Qa5 11. Bd2 O-O 12. e4 Rfd8 13. e5 Nd5 14. Bxd5 cxd5
15. Qb5 Bxc3 16. Qxa5 Bxa5 17. Bxa5 Rdc8 18. Rdc1 Bc2 19. Nd2 Rc6 20. Ra3 Bxa4
21. Rxc6 Bxc6 22. Rc3 Rc8 23. Nb3 b6 24. Bb4 Bb7 25. Rxc8+ Bxc8 26. Bd6 f6 27.
f4 Kf7 28. g4 a5 29. Kf2 a4 30. Nc1 b5 31. Bc7 Nf8 32. Nd3 Ng6 33. Ke3 Nh4 34.
Kf2 g5 35. exf6 gxf4 36. Ne5+ Kxf6 37. Bd8+ Kg7 38. Bxh4 b4 39. Be7 a3 40. bxa3
bxa3 41. Bxa3 1-0

[Event "RA Fall op U2200"]
[Site "Ottawa CAN"]
[Date "2010.09.26"]
[Round "5"]
[White "Levkovsky, Alexandre"]
[Black "Upper, John"]
[Result "1/2-1/2"]
[WhiteElo "2140"]
[BlackElo "2197"]
[PlyCount "126"]
[EventDate "2010.09.24"]
[EventType "swiss"]
[EventRounds "5"]
[EventCountry "CAN"]
[WhiteTeamCountry "NOR"]
[BlackTeamCountry "CAN"]

1. e4 e6 2. d4 d5 3. Nc3 Nf6 4. Bg5 Bb4 5. e5 h6 6. Bd2 Bxc3 7. Bxc3 Ne4 8. Bb4
c5 9. Bxc5 Nxc5 10. dxc5 Qa5+ 11. Qd2 Qxc5 12. O-O-O Nc6 13. f4 Bd7 14. Nf3
O-O-O 15. Nd4 Nxd4 16. Qxd4 b6 17. b4 Qxd4 18. Rxd4 Kb7 19. Kb2 a6 20. h4 h5
21. Kb3 Bb5 22. a4 Bxf1 23. Rxf1 g6 24. Rfd1 b5 25. Ra1 Rc8 26. axb5 axb5 27.
Ra5 Kb6 28. Rd1 Rc4 29. Rda1 Rhc8 30. Ra6+ Kc7 31. Rd6 Kb7 32. Rd7+ R8c7 33.
Rxc7+ Rxc7 34. Ra5 Kb6 35. Ra8 Rc4 36. g3 d4 37. Rf8 Rc3+ 38. Kb2 Rxg3 39. Rxf7
Kc6 40. Rf8 Kd5 41. Rb8 Kc4 42. Rb6 Rf3 43. Rxe6 Rxf4 44. Rxg6 Rxh4 45. Rh6 Rh2
46. Kb1 Kxb4 47. e6 Re2 48. Rxh5 Rxe6 49. Kb2 Kc4 50. Rh8 Rd6 51. Rh4 Rd5 52.
c3 b4 53. Rxd4+ Rxd4 54. cxd4 Kxd4 55. Kb3 Kc5 56. Kb2 Kc4 57. Kc2 b3+ 58. Kb2
Kb4 59. Kb1 Kc4 60. Kb2 Kb4 61. Kb1 Ka3 62. Ka1 b2+ 63. Kb1 Kb3 1/2-1/2

[Event "RA Introductory Active"]
[Site "Ottawa CAN"]
[Date "2010.09.02"]
[Round "1"]
[White "Peters, Romy"]
[Black "Pacey, Kevin"]
[Result "0-1"]
[WhiteElo "1466"]
[BlackElo "2097"]
[PlyCount "112"]
[EventDate "2010.09.02"]
[EventType "swiss (rapid)"]
[EventRounds "6"]
[EventCountry "CAN"]

1. d4 Nf6 2. Nf3 d5 3. e3 Bg4 4. Be2 Nc6 5. O-O e6 6. Nbd2 Bd6 7. b3 Bxf3 8.
Nxf3 e5 9. dxe5 Nxe5 10. Bb2 Qe7 11. Nxe5 Bxe5 12. Bxe5 Qxe5 13. Qd4 Qxd4 14.
exd4 Kd7 15. Rfe1 Rae8 16. Bf3 c6 17. Kf1 Kd6 18. c4 b6 19. Rac1 Rxe1+ 20. Rxe1
Re8 21. Rxe8 Nxe8 22. Ke2 dxc4 23. bxc4 c5 24. dxc5+ Kxc5 25. Bd5 Nd6 26. Kd3
b5 27. Bf3 bxc4+ 28. Kc3 Nb5+ 29. Kd2 Kd4 30. Bc6 Nc3 31. a4 Ne4+ 32. Bxe4 Kxe4
33. Kc3 Kd5 34. a5 a6 35. f3 g5 36. g3 f5 37. h3 f4 38. gxf4 gxf4 39. h4 h5 40.
Kd2 Kd4 41. Kc2 c3 42. Kc1 Ke3 43. Kc2 Kxf3 44. Kxc3 Ke2 45. Kc4 f3 46. Kc5 f2
47. Kb6 f1=Q 48. Kxa6 Qf6+ 49. Kb7 Qxh4 50. a6 Qe7+ 51. Kb8 Qd6+ 52. Kb7 Qb4+
53. Ka8 Qe4+ 54. Kb8 Qe5+ 55. Kb7 Qb5+ 56. Ka7 h4 0-1

[Event "RA Introductory Active"]
[Site "Ottawa CAN"]
[Date "2010.09.02"]
[Round "2"]
[White "Pacey, Kevin"]
[Black "Arseneau, Peter"]
[Result "1-0"]
[WhiteElo "2097"]
[BlackElo "1668"]
[PlyCount "65"]
[EventDate "2010.09.02"]
[EventType "swiss (rapid)"]
[EventRounds "6"]
[EventCountry "CAN"]

1. g3 d5 2. Nf3 Bf5 3. Bg2 e6 4. O-O Nf6 5. d3 Be7 6. Nbd2 h6 7. Qe1 Nc6 8. e4
Bh7 9. Qe2 Qd7 10. e5 Ng8 11. a3 Bg5 12. Nb3 Nge7 13. Bxg5 hxg5 14. Nxg5 Bg6
15. Nc5 Qc8 16. b4 Nd4 17. Qd2 b6 18. Nb3 Nef5 19. Nxd4 Nxd4 20. Nf3 Nf5 21. c4
Qd7 22. cxd5 exd5 23. e6 Qb5 24. exf7+ Bxf7 25. Rfe1+ Ne7 26. Qg5 Qd7 27. Ne5
Qf5 28. Qxf5 Nxf5 29. Nxf7+ Kxf7 30. Bxd5+ Kf6 31. Re6+ Kg5 32. f4+ Kh5 33.
Bf3# 1-0

[Event "RA Introductory Active"]
[Site "Ottawa CAN"]
[Date "2010.09.09"]
[Round "3"]
[White "Upper, John"]
[Black "Pacey, Kevin"]
[Result "0-1"]
[WhiteElo "1814"]
[BlackElo "2097"]
[PlyCount "62"]
[EventDate "2010.09.02"]
[EventType "swiss (rapid)"]
[EventRounds "6"]
[EventCountry "CAN"]

1. d4 d5 2. c4 e6 3. Nc3 c5 4. cxd5 exd5 5. Nf3 Nc6 6. g3 Nf6 7. Bg2 Be7 8. O-O
O-O 9. Bg5 cxd4 10. Nxd4 h6 11. Be3 Re8 12. Nxc6 bxc6 13. Qa4 Bd7 14. Qa6 Ng4
15. Bf4 Qb6 16. Qxb6 axb6 17. Bc7 Bf6 18. h3 Ne5 19. Bxe5 Bxe5 20. e3 Bxc3 21.
bxc3 Ra3 22. Rfd1 Be6 23. e4 dxe4 24. Bxe4 Rxc3 25. Rd6 Rc8 26. Kg2 b5 27. Rad1
Kf8 28. f4 Bxa2 29. Ra1 Ke7 30. Rd2 Bb3 31. Ra7+ Kf8 0-1

[Event "RA Introductory Active"]
[Site "Ottawa CAN"]
[Date "2010.09.09"]
[Round "4"]
[White "Pacey, Kevin"]
[Black "Qin, Zi Yi (Joey)"]
[Result "0-1"]
[WhiteElo "2097"]
[BlackElo "2066"]
[PlyCount "102"]
[EventDate "2010.09.02"]
[EventType "swiss (rapid)"]
[EventRounds "6"]
[EventCountry "CAN"]

1. e4 c5 2. Nf3 d6 3. d4 cxd4 4. Nxd4 Nf6 5. Nc3 a6 6. Bg5 e6 7. f4 Be7 8. Qf3
Qc7 9. O-O-O Nbd7 10. g4 b5 11. Bxf6 Nxf6 12. g5 Nd7 13. f5 Bxg5+ 14. Kb1 Ne5
15. Qh5 Qd8 16. Nxe6 Bxe6 17. fxe6 g6 18. exf7+ Kxf7 19. Qh3 Kg7 20. Qe6 Re8
21. Qxd6 Qa5 22. Qa3 Qxa3 23. bxa3 Rac8 24. Nd5 Nc4 25. h4 Bd8 26. Bd3 Nxa3+
27. Kb2 Nc4+ 28. Kc1 Be7 29. Nxe7 Rxe7 30. h5 Ne5 31. Kd2 g5 32. h6+ Kg6 33.
Rdf1 Rf7 34. Rxf7 Kxf7 35. Rf1+ Kg6 36. Rf5 Re8 37. a4 bxa4 38. Bxa6 a3 39. Kc3
a2 40. Kb2 Ra8 41. Rxe5 Rxa6 42. Ka1 Kxh6 43. Rd5 g4 44. e5 g3 45. Rd3 Rg6 46.
Rd1 g2 47. Rg1 Kg7 48. Kxa2 h5 49. e6 h4 50. e7 Kf7 51. Re1 Ke8 0-1

[Event "RA Spring Active"]
[Site "Ottawa CAN"]
[Date "2010.03.11"]
[Round "1"]
[White "Dion, Michel2"]
[Black "Pacey, Kevin"]
[Result "0-1"]
[WhiteElo "1659"]
[BlackElo "2064"]
[PlyCount "104"]
[EventDate "2010.03.11"]
[EventType "swiss (rapid)"]
[EventRounds "6"]
[EventCountry "CAN"]

1. d4 Nf6 2. c4 g6 3. Nc3 d5 4. cxd5 Nxd5 5. e4 Nxc3 6. bxc3 Bg7 7. Nf3 c5 8.
Be3 Qa5 9. Qd2 Nc6 10. Rc1 Bg4 11. d5 Bxf3 12. gxf3 Ne5 13. Be2 O-O 14. f4 Nd7
15. c4 Qa3 16. O-O a6 17. Rb1 Nf6 18. e5 Ne4 19. Qc2 Nc3 20. Rb3 Nxe2+ 21. Qxe2
Qa5 22. Rxb7 Rfe8 23. Rfb1 Kf8 24. Qd2 Qxd2 25. Bxd2 g5 26. Rc7 Rec8 27. Rbb7
Rxc7 28. Rxc7 Ke8 29. d6 exd6 30. exd6 gxf4 31. Bxf4 Bd4 32. Bg5 f6 33. Be3
Bxe3 34. fxe3 Rd8 35. Rxc5 Rxd6 36. Rd5 Rb6 37. Rd2 Rb1+ 38. Kg2 Rc1 39. Rf2
Kf7 40. Kg3 Rxc4 41. Rf4 Rc2 42. Rf2 Rc3 43. Kf3 Ke6 44. Ke4 Rc4+ 45. Kd3 Ra4
46. Rc2 Kd5 47. Ke2 Ke4 48. Rd2 h5 49. Kf2 Rb4 50. Ke2 a5 51. Kf2 a4 52. Ke2 a3
0-1

[Event "RA Spring Active"]
[Site "Ottawa CAN"]
[Date "2010.03.11"]
[Round "2"]
[White "Pacey, Kevin"]
[Black "Spicer, Christopher"]
[Result "1-0"]
[WhiteElo "2064"]
[BlackElo "1884"]
[PlyCount "73"]
[EventDate "2010.03.11"]
[EventType "swiss (rapid)"]
[EventRounds "6"]
[EventCountry "CAN"]

1. d4 Nf6 2. c4 g6 3. Nc3 d5 4. cxd5 Nxd5 5. e4 Nxc3 6. bxc3 Bg7 7. Bc4 c5 8.
Ne2 O-O 9. O-O e6 10. f4 Nc6 11. Be3 Na5 12. Bd3 cxd4 13. cxd4 b6 14. Rc1 Bb7
15. Qa4 Rc8 16. Rxc8 Qxc8 17. Rc1 Qa8 18. Ng3 h5 19. d5 exd5 20. e5 Nc4 21. Bd4
h4 22. Ne2 Bc6 23. Qb4 b5 24. h3 a5 25. Qe1 Qd8 26. Qf2 Re8 27. Kh1 g5 28. fxg5
Qxg5 29. Rf1 Re7 30. Bc5 Rb7 31. Nd4 Bd7 32. Qxf7+ Kh8 33. Qxd5 Ne3 34. Qxb7
Bxe5 35. Rf8+ Kg7 36. Qxd7+ Kh6 37. Qh7# 1-0

[Event "RA Spring Active"]
[Site "Ottawa CAN"]
[Date "2010.03.11"]
[Round "3"]
[White "Doubleday, William"]
[Black "Pacey, Kevin"]
[Result "0-1"]
[WhiteElo "1980"]
[BlackElo "2064"]
[PlyCount "78"]
[EventDate "2010.03.11"]
[EventType "swiss (rapid)"]
[EventRounds "6"]
[EventCountry "CAN"]

1. d4 Nf6 2. c4 e6 3. Nc3 Bb4 4. e3 O-O 5. Nge2 c5 6. a3 Bxc3+ 7. Nxc3 cxd4 8.
exd4 d5 9. Be3 dxc4 10. Bxc4 Nbd7 11. O-O Nb6 12. Ba2 Nfd5 13. Ne4 Qh4 14. Nd6
Rd8 15. Nxc8 Raxc8 16. Rc1 g6 17. Qf3 Rc6 18. Rxc6 bxc6 19. Rc1 Rc8 20. g3 Qf6
21. Kg2 Kg7 22. h4 Qf5 23. Bb1 Qxf3+ 24. Kxf3 Ne7 25. Be4 Nbd5 26. Rc5 Rb8 27.
b4 Kf8 28. Bf4 Rb5 29. Bd6 Rxc5 30. dxc5 Ke8 31. Bb8 Nc8 32. Bd3 Kd7 33. Bf4 f6
34. Bd2 e5 35. g4 Ke6 36. Ke2 f5 37. gxf5+ gxf5 38. Bc4 Nce7 39. Bg5 e4 0-1

[Event "RA Spring Active"]
[Site "Ottawa CAN"]
[Date "2010.03.18"]
[Round "4"]
[White "Pacey, Kevin"]
[Black "Qin, Zi Yi (Joey)"]
[Result "0-1"]
[WhiteElo "2064"]
[BlackElo "2022"]
[PlyCount "80"]
[EventDate "2010.03.11"]
[EventType "swiss (rapid)"]
[EventRounds "6"]
[EventCountry "CAN"]

1. c4 Nf6 2. Nf3 g6 3. g3 Bg7 4. Bg2 d6 5. Nc3 O-O 6. O-O e5 7. d3 c6 8. Rb1 a5
9. a3 Re8 10. Bg5 h6 11. Bxf6 Bxf6 12. Nd2 Bg7 13. b4 axb4 14. axb4 Be6 15. Nb3
f5 16. Qc2 Nd7 17. b5 Rc8 18. Qd2 Qf6 19. Na5 e4 20. Rfc1 Nc5 21. dxe4 fxe4 22.
Qxd6 b6 23. Nxc6 Bxc4 24. Qxf6 Bxf6 25. Rb4 Bxc3 26. Rxc4 Bg7 27. Bh3 Ra8 28.
Bg2 Ra2 29. R4c2 Ra4 30. Bh3 Kh7 31. Rxc5 bxc5 32. b6 Ra6 33. Bd7 Rf8 34. b7
Rb6 35. Bc8 Bd4 36. e3 Bg7 37. Rxc5 Rb1+ 38. Kg2 Rb2 39. g4 Rfxf2+ 40. Kg3 Rf3+
0-1

[Event "RA Spring Active"]
[Site "Ottawa CAN"]
[Date "2010.03.18"]
[Round "5"]
[White "Danilov, Alex"]
[Black "Pacey, Kevin"]
[Result "0-1"]
[WhiteElo "1824"]
[BlackElo "2064"]
[PlyCount "22"]
[EventDate "2010.03.11"]
[EventType "swiss (rapid)"]
[EventRounds "6"]
[EventCountry "CAN"]

1. Nf3 Nc6 2. d4 d5 3. c4 Bg4 4. e3 e6 5. Bd3 Nb4 6. Be2 dxc4 7. Qa4+ c6 8.
Bxc4 Bxf3 9. gxf3 b5 10. Bxb5 cxb5 11. Qxb5+ Qd7 0-1

[Event "RA Spring Active"]
[Site "Ottawa CAN"]
[Date "2010.03.18"]
[Round "6"]
[White "Pacey, Kevin"]
[Black "Marghetis, Aris"]
[Result "1/2-1/2"]
[WhiteElo "2064"]
[BlackElo "1980"]
[PlyCount "86"]
[EventDate "2010.03.11"]
[EventType "swiss (rapid)"]
[EventRounds "6"]
[EventCountry "CAN"]

1. e4 Nf6 2. e5 Nd5 3. d4 d6 4. c4 Nb6 5. f4 g5 6. exd6 Qxd6 7. fxg5 Bg7 8. Nf3
Bg4 9. Be2 Bxf3 10. Bxf3 Nc6 11. d5 Ne5 12. Be2 Nexc4 13. Bxc4 Qb4+ 14. Nd2
Nxc4 15. Qg4 Ne3 16. Qxb4 Nc2+ 17. Ke2 Nxb4 18. Rf1 Nxd5 19. Nc4 O-O 20. h4 f6
21. Rb1 fxg5 22. Bxg5 Bf6 23. Bxf6 exf6 24. Kf3 Rfe8 25. Rfe1 Kg7 26. Na5 b6
27. Nc6 Rxe1 28. Rxe1 Kf7 29. a3 a5 30. Rd1 Ke6 31. Re1+ Kd7 32. Nd4 Re8 33.
Rxe8 Kxe8 34. Ke4 Ne7 35. Ne6 c6 36. g4 Nd5 37. g5 fxg5 38. Nxg5 Nf6+ 39. Kf5
Ke7 40. Nf3 Nd5 41. Ng5 Nf6 42. Nf3 Nd5 43. Ng5 Nf6 1/2-1/2

[Event "RA Spring Thaw"]
[Site "Ottawa CAN"]
[Date "2010.03.25"]
[Round "1"]
[White "Pacey, Kevin"]
[Black "Upper, John"]
[Result "1/2-1/2"]
[WhiteElo "2377"]
[BlackElo "2206"]
[PlyCount "103"]
[EventDate "2010.03.25"]
[EventType "swiss"]
[EventRounds "6"]
[EventCountry "CAN"]

1. c4 c5 2. Nf3 Nc6 3. d4 cxd4 4. Nxd4 g6 5. e4 Bg7 6. Be3 Nf6 7. Nc3 d6 8. Be2
O-O 9. O-O Bd7 10. Qd2 Qa5 11. f3 Rfc8 12. Nb3 Qb4 13. c5 Ne8 14. cxd6 exd6 15.
Rfd1 Be6 16. Nc1 Ne5 17. Bd4 a6 18. f4 Nc4 19. Bxc4 Bxd4+ 20. Qxd4 Rxc4 21. Qf2
f5 22. Nd3 Qa5 23. e5 Rd8 24. exd6 Nxd6 25. Ne5 Rcc8 26. Re1 Bd5 27. Qh4 Qb6+
28. Kh1 Ne4 29. Nxe4 Bxe4 30. Re2 Rc2 31. Rxc2 Bxc2 32. Qe7 Qd6 33. Qf7+ Kh8
34. h3 Be4 35. Qb3 Qd2 36. Rg1 Bd5 37. Qb6 Kg7 38. Qc7+ Kh6 39. Nf7+ Bxf7 40.
Qxf7 Qxf4 41. Qxb7 Rb8 42. Qxa6 Rxb2 43. Qa3 Qf2 44. Qf8+ Kg5 45. a4 Re2 46.
Qd8+ Kh6 47. Qb8 f4 48. Qf8+ Kh5 49. Qf7 Kh6 50. Qf8+ Kh5 51. Qf7 Kh6 52. Qf8+
1/2-1/2

[Event "RA Spring Thaw"]
[Site "Ottawa CAN"]
[Date "2010.04.01"]
[Round "2"]
[White "Doubleday, William"]
[Black "Pacey, Kevin"]
[Result "0-1"]
[WhiteElo "2238"]
[BlackElo "2377"]
[PlyCount "102"]
[EventDate "2010.03.25"]
[EventType "swiss"]
[EventRounds "6"]
[EventCountry "CAN"]

1. d4 Nf6 2. Nf3 e6 3. Bf4 d5 4. e3 Be7 5. Bd3 O-O 6. Nbd2 c5 7. c3 Nc6 8. Ne5
Qb6 9. Qc2 Rd8 10. O-O Bd7 11. Ndf3 Be8 12. Ng5 h6 13. Bh7+ Kf8 14. Ngxf7 Nxh7
15. Nxc6 Bxf7 16. Nxd8 Bg8 17. Nxe6+ Qxe6 18. Rae1 Nf6 19. f3 Bh7 20. Qd2 Kg8
21. a3 c4 22. h3 Nh5 23. g4 Nf6 24. Kg2 Bd3 25. Rg1 Nh7 26. Bg3 Ng5 27. Bf4 Rf8
28. Qd1 Nxf3 29. Kxf3 Bh4 30. Kg2 Qe4+ 31. Kh2 Rxf4 32. exf4 Qxf4+ 33. Kh1 Bxe1
34. Qxe1 Be4+ 35. Rg2 Qf3 36. Qd2 Qxh3+ 37. Kg1 Qxg2+ 38. Qxg2 Bxg2 39. Kxg2
Kf7 40. Kf3 Kf6 41. Kf4 b5 42. Kf3 Kg5 43. Kg3 g6 44. Kf3 a6 45. Kg3 h5 46.
gxh5 gxh5 47. Kg2 Kg4 48. Kf2 Kf4 49. Kg2 Ke3 50. Kg3 Kd3 51. Kf4 h4 0-1

[Event "RA Spring Thaw"]
[Site "Ottawa CAN"]
[Date "2010.04.08"]
[Round "3"]
[White "Pacey, Kevin"]
[Black "Qin, Zi Yi (Joey)"]
[Result "0-1"]
[WhiteElo "2377"]
[BlackElo "2304"]
[PlyCount "158"]
[EventDate "2010.03.25"]
[EventType "swiss"]
[EventRounds "6"]
[EventCountry "CAN"]

1. d4 Nf6 2. c4 g6 3. Nc3 Bg7 4. e4 d6 5. Be2 O-O 6. Bg5 Na6 7. Qd2 e5 8. d5 c6
9. f3 Qb6 10. g4 Bd7 11. h4 h5 12. Be3 Qa5 13. g5 Ne8 14. Nh3 Qd8 15. Nf2 Nac7
16. a3 cxd5 17. cxd5 b5 18. Ncd1 Kh7 19. Qa5 f5 20. Nc3 Rf7 21. Rc1 fxe4 22.
fxe4 Qb8 23. Na2 Qb7 24. Nb4 Bf8 25. Nc6 Be7 26. Rg1 Kg7 27. Nxe7 Rxe7 28. Nd3
Nxd5 29. exd5 Qxd5 30. Nf2 Qb7 31. Qd2 Be6 32. Bd3 d5 33. Bc5 Rc7 34. Qe2 e4
35. Bxb5 Nd6 36. Ba6 Qb8 37. Qd2 Nf5 38. Qb4 Qd8 39. Bd4+ Kg8 40. Rxc7 Qxc7 41.
Qb7 Qxb7 42. Bxb7 Rb8 43. Bxd5 Bxd5 44. Be5 Rc8 45. Bc3 Nxh4 46. Ke2 Nf5 47.
Rd1 Bc4+ 48. Ke1 Re8 49. Rd7 e3 50. Nh3 Nh4 51. Ng1 Re4 52. Rd4 Ng2+ 53. Kd1
e2+ 54. Nxe2 Bxe2+ 55. Kd2 Rxd4+ 56. Bxd4 Ba6 57. Bxa7 Kf7 58. Kc3 Ke6 59. a4
Kd5 60. b4 Bc8 61. b5 Nf4 62. Bf2 Ne6 63. Kb4 Nxg5 64. Ka5 Ne4 65. Kb6 Nd6 66.
Kc7 Bf5 67. b6 Bc8 68. Bg3 Nc4 69. b7 Bxb7 70. Kxb7 g5 71. Ka6 Kc6 72. Bf2 h4
73. a5 h3 74. Bg3 g4 75. Bf4 Nxa5 76. Kxa5 Kd5 77. Kb4 Ke4 78. Bc7 Kf3 79. Kc3
g3 0-1

[Event "RA Spring Thaw"]
[Site "Ottawa CAN"]
[Date "2010.04.15"]
[Round "4"]
[White "Upper, John"]
[Black "Pacey, Kevin"]
[Result "0-1"]
[WhiteElo "2206"]
[BlackElo "2377"]
[PlyCount "112"]
[EventDate "2010.03.25"]
[EventType "swiss"]
[EventRounds "6"]
[EventCountry "CAN"]

1. Nf3 g6 2. d4 Nf6 3. c4 Bg7 4. Nc3 d5 5. Bf4 c6 6. e3 O-O 7. Rc1 Bf5 8. cxd5
Nxd5 9. Nxd5 Qxd5 10. Bc4 Qa5+ 11. Nd2 e5 12. dxe5 Bxe5 13. b4 Qc7 14. Bxe5
Qxe5 15. O-O Nd7 16. Nf3 Qf6 17. Nd4 Ne5 18. Nxf5 Qxf5 19. Be2 Rad8 20. Qc2 Nd3
21. g4 Qe4 22. Qc4 Qd5 23. Qxd5 Rxd5 24. Rb1 Rfd8 25. Rfd1 R8d7 26. a3 g5 27.
Bf3 R5d6 28. h3 h6 29. Kf1 Kg7 30. Rb3 Kf6 31. Be2 Ne5 32. Rxd6+ Rxd6 33. Ke1
Ke7 34. Rc3 Nd7 35. Bf3 Nb6 36. Ke2 Ke6 37. Rc5 a6 38. Be4 f6 39. f4 Ke7 40. h4
gxf4 41. exf4 Rd4 42. Ke3 Rd1 43. Rh5 Nc4+ 44. Ke2 Rd2+ 45. Kf3 Ra2 46. f5
Rxa3+ 47. Kf4 Rb3 48. Rxh6 Rxb4 49. Rh7+ Ke8 50. g5 Nd2 51. gxf6 Rxe4+ 52. Kg3
b5 53. Rg7 Nf1+ 54. Kg2 Rxh4 55. Kxf1 Rf4+ 56. Ke2 Rxf5 0-1

[Event "RA Spring Thaw"]
[Site "Ottawa CAN"]
[Date "2010.04.22"]
[Round "5"]
[White "Pacey, Kevin"]
[Black "Doubleday, William"]
[Result "1-0"]
[WhiteElo "2377"]
[BlackElo "2238"]
[PlyCount "129"]
[EventDate "2010.03.25"]
[EventType "swiss"]
[EventRounds "6"]
[EventCountry "CAN"]

1. e3 e5 2. d4 exd4 3. exd4 Nf6 4. Nf3 g6 5. Bd3 Bg7 6. O-O O-O 7. Re1 d6 8. h3
Nc6 9. c3 Re8 10. Bg5 h6 11. Bxf6 Bxf6 12. Nbd2 Rxe1+ 13. Qxe1 Bd7 14. Ne4 Bg7
15. Qd2 Qf8 16. Qc2 b6 17. Ng3 d5 18. Re1 Re8 19. Qd2 Rxe1+ 20. Qxe1 Qe7 21.
Kf1 Qxe1+ 22. Kxe1 Ne7 23. Ke2 Be8 24. Nf1 c6 25. Ne3 Nc8 26. Ne5 Nd6 27. f4
Bf6 28. b3 Kg7 29. g4 Bd8 30. Nf3 a5 31. Nd2 Bc7 32. Kf3 Bd7 33. h4 f5 34. gxf5
gxf5 35. c4 Ne4 36. Ndf1 Be6 37. cxd5 cxd5 38. Bb5 Bd8 39. Bc6 Bxh4 40. Bxd5
Bxd5 41. Nxd5 Bd8 42. Nde3 Kf6 43. Nxf5 Nc3 44. Nxh6 Nxa2 45. d5 Nc1 46. Nd2 b5
47. Ke4 Bc7 48. Ng4+ Ke7 49. Ne3 a4 50. bxa4 bxa4 51. Ndc4 Ne2 52. f5 Ng3+ 53.
Kf3 Nh5 54. Kg4 Nf6+ 55. Kg5 Ne4+ 56. Kg6 Bf4 57. f6+ Kf8 58. Nf5 Bc1 59. Nd4
Bh6 60. Ne6+ Ke8 61. f7+ Ke7 62. Kxh6 Kxf7 63. Ng5+ Nxg5 64. Kxg5 Ke7 65. Kf5
1-0